REPUBLIC OF NURSES (Record no. 59212)
[ view plain ]
| 000 -LEADER | |
|---|---|
| fixed length control field | 00317nam a22001457a 4500 |
| 008 - FIXED-LENGTH DATA ELEMENTS--GENERAL INFORMATION | |
| fixed length control field | 221220b ||||| |||| 00| 0 eng d |
| 020 ## - INTERNATIONAL STANDARD BOOK NUMBER | |
| International Standard Book Number | 9780983085409 |
| 041 ## - LANGUAGE CODE | |
| Language code of text/sound track or separate title | eng |
| 080 ## - UNIVERSAL DECIMAL CLASSIFICATION NUMBER | |
| Universal Decimal Classification number | 610.73 |
| 082 ## - DEWEY DECIMAL CLASSIFICATION NUMBER | |
| Classification number | 610.73MAT |
| 100 ## - Rafti | |
| Rafti | 8 |
| 101 ## - Shkurtesa | |
| Shkurtesa | INF |
| 245 ## - TITLE STATEMENT | |
| Title | REPUBLIC OF NURSES |
| Statement of responsibility, etc | MATHIS D SH |
| 942 ## - ADDED ENTRY ELEMENTS (KOHA) | |
| Source of classification or shelving scheme | |
| Item type | Books |
| Withdrawn status | Lost status | Source of classification or shelving scheme | Damaged status | Not for loan | Collection code | Permanent location | Current location | Date acquired | Total Checkouts | Full call number | Barcode | Date last seen | Price effective from | Koha item type |
|---|---|---|---|---|---|---|---|---|---|---|---|---|---|---|
| Koleksioni i përgjithshem | UBT - Lipjan | UBT - Lipjan | 12/20/2022 | 610.73MAT | 002u8000287002603311 | 12/20/2022 | 12/20/2022 | Books | ||||||
| Koleksioni i përgjithshem | UBT - Lipjan | UBT - Lipjan | 12/20/2022 | 610.73MAT | 002-8000287002601212 | 12/20/2022 | 12/20/2022 | Books | ||||||
| Koleksioni i përgjithshem | UBT - Lipjan | UBT - Lipjan | 12/20/2022 | 610.73MAT | 002-8000287002601213 | 12/20/2022 | 12/20/2022 | Books | ||||||
| Koleksioni i përgjithshem | UBT - Lipjan | UBT - Lipjan | 12/20/2022 | 610.73MAT | 002-8000287002601214 | 12/20/2022 | 12/20/2022 | Books |